[Event "Skalica op-B"]
[Site "Skalica"]
[Date "2023.08.22"]
[Round "4"]
[White "Wallner, Juraj"]
[Black "Markina, Sofiia"]
[Result "1-0"]
[WhiteElo "1562"]
[BlackElo "1648"]
[PlyCount "101"]
[EventDate "2023.08.19"]
[EventType "swiss"]
[EventRounds "9"]
[EventCountry "SVK"]
[SourceTitle "CBM 215 Extra"]
[Source "ChessBase"]
[SourceDate "2023.09.30"]
[SourceVersion "1"]
[SourceVersionDate "2023.09.30"]
[SourceQuality "1"]

1. e4 c5 2. Nf3 d6 3. d4 cxd4 4. Nxd4 Nf6 5. Nc3 a6 6. a4 e5 7. Nf3 Be6 8. Ng5 Be7 9. Nxe6 fxe6 10. Bc4 Qd7 11. Qf3 Nc6 12. Be3 0-0 13. Qh3 Nd8 14. Bb6 Re8 15. 0-0 Bf8 16. Be3 Qc6 17. Bd3 Nf7 18. f4 exf4 19. Bxf4 Qb6+ 20. Be3 Qxb2 21. Bd4 Qb4 22. Bxf6 gxf6 23. Ne2 Bg7 24. Ng3 Rac8 25. Kh1 Rc3 26. Rfb1 Qa5 27. Rxb7 f5 28. Rab1 fxe4 29. Nxe4 Rc7 30. Rb8 Rce7 31. Ng3 h6 32. Bg6 Rxb8 33. Rxb8+ Nd8 34. Bd3 Qc7 35. Rb1 Qa5 36. Qg4 Qc7 37. Nh5 Rf7 38. Qe4 Rf5 39. Ng3 Rf6 40. Qh7+ Kf8 41. Nh5 Rf2 42. Qe4 a5 43. Qh4 Rf7 44. Bg6 Re7 45. Rf1+ Nf7 46. Nxg7 Kxg7 47. Qf6+ Kg8 48. Bd3 Qb7 49. Qg6+ Kf8 50. Qxh6+ Ke8 51. Bb5+ 1-0

[Event "Skalica op-B"]
[Site "Skalica"]
[Date "2023.08.20"]
[Round "2"]
[White "Wallner, Juraj"]
[Black "Slonek, Richard"]
[Result "1-0"]
[WhiteElo "1562"]
[BlackElo "1149"]
[PlyCount "79"]
[EventDate "2023.08.19"]
[EventType "swiss"]
[EventRounds "9"]
[EventCountry "SVK"]
[SourceTitle "CBM 215 Extra"]
[Source "ChessBase"]
[SourceDate "2023.09.30"]
[SourceVersion "1"]
[SourceVersionDate "2023.09.30"]
[SourceQuality "1"]

1. e4 e5 2. Nf3 Nc6 3. d4 exd4 4. Nxd4 Bc5 5. Be3 Nf6 6. Nxc6 bxc6 7. Bxc5 d6 8. Bd4 0-0 9. Nc3 Re8 10. Bxf6 Qxf6 11. Bd3 Rb8 12. Rb1 Rxb2 13. Ne2 Rxa2 14. 0-0 Bg4 15. f3 Bd7 16. Bc4 Ra5 17. Qd2 Rg5 18. Ng3 Rg6 19. Bd3 Qd4+ 20. Qf2 Qf6 21. e5 dxe5 22. Bxg6 Qxg6 23. Qxa7 Qxc2 24. Qxc7 Qc5+ 25. Kh1 Qe7 26. Rfd1 h6 27. Qxd7 Qxd7 28. Rxd7 c5 29. Ne4 c4 30. Nd6 Ra8 31. Nxc4 Rc8 32. Nxe5 Re8 33. Nxf7 Kh7 34. h3 h5 35. Rbb7 h4 36. Ng5+ Kh6 37. Rxg7 Kh5 38. f4 Kh6 39. Rb6+ Kh5 40. Rh7# 1-0

[Event "SVK-chT4 A21 2223"]
[Site "Slovakia"]
[Date "2023.01.29"]
[Round "7.4"]
[White "Wallner, Juraj"]
[Black "Nedorost, Lubomir"]
[Result "1-0"]
[WhiteElo "1570"]
[BlackElo "1562"]
[PlyCount "66"]
[EventDate "2022.10.09"]
[EventType "team-tourn"]
[EventRounds "11"]
[EventCountry "SVK"]
[SourceTitle "EXT 2024"]
[Source "ChessBase"]
[SourceDate "2023.10.10"]
[SourceVersion "1"]
[SourceVersionDate "2023.10.10"]
[SourceQuality "1"]
[WhiteTeam "Stefanov"]
[BlackTeam "Piestany Kupele III"]
[WhiteTeamCountry "SVK"]
[BlackTeamCountry "SVK"]

1. e4 Nf6 2. Nc3 d6 3. Nf3 Bg4 4. h3 Bh5 5. d4 b6 6. Be2 e6 7. d5 Be7 8. Bb5+ Nbd7 9. Qd3 0-0 10. Nd4 Ne5 11. Qe3 a6 12. Bc6 Rb8 13. dxe6 fxe6 14. Nxe6 Qc8 15. Bd5 Nxd5 16. exd5 Rf6 17. Ne4 Rf7 18. 0-0 c6 19. Nf4 Nc4 20. Qg3 cxd5 21. Nxd5 Qf5 22. Nxe7+ Rxe7 23. Nxd6 Nxd6 24. Qxd6 Ree8 25. g4 Qg6 26. Qd5+ Kh8 27. Qxh5 Qxc2 28. Bf4 Rbd8 29. Be5 Re7 30. Bc3 a5 31. Qg5 Red7 32. Bxg7+ Rxg7 33. Qxd8+ Rg8 1-0

[Event "SVK-chT4 A21 2122"]
[Site "Slovakia"]
[Date "2022.04.10"]
[Round "4.3"]
[White "Wallner, Juraj"]
[Black "Papanek, Lubomir"]
[Result "1-0"]
[WhiteElo "1556"]
[BlackElo "1539"]
[PlyCount "173"]
[EventDate "2021.10.17"]
[EventType "team-tourn"]
[EventRounds "11"]
[EventCountry "SVK"]
[SourceTitle "EXT 2024"]
[Source "ChessBase"]
[SourceDate "2023.10.10"]
[SourceVersion "1"]
[SourceVersionDate "2023.10.10"]
[SourceQuality "1"]
[WhiteTeam "Stefanov"]
[BlackTeam "Gbely Nafta II"]
[WhiteTeamCountry "SVK"]
[BlackTeamCountry "SVK"]

1. e4 c5 2. Nf3 Nc6 3. d4 cxd4 4. Nxd4 e5 5. Nf3 d6 6. Be2 Nf6 7. Nc3 Be7 8. 0-0 0-0 9. h3 Be6 10. Bg5 h6 11. Bh4 a6 12. Bxf6 Bxf6 13. Nd5 Bxd5 14. Qxd5 Qc7 15. c3 Ne7 16. Qd3 Ng6 17. g3 Rad8 18. Nh2 b5 19. a4 Rb8 20. b4 Rfd8 21. Ng4 Be7 22. Rfc1 Qb7 23. axb5 axb5 24. Ra5 h5 25. Ne3 Qd7 26. Kg2 h4 27. Rxb5 hxg3 28. fxg3 Bg5 29. Rxb8 Rxb8 30. Rd1 Bxe3 31. Qxe3 Qc6 32. b5 Qb6 33. Qxb6 Rxb6 34. Ra1 Rb8 35. Ra6 Rd8 36. b6 Rb8 37. Bc4 Ne7 38. Ra7 Kf8 39. Rd7 g6 40. Rxd6 Nc8 41. Rd7 Ne7 42. b7 f5 43. Kf3 Ke8 44. Bb5 Kf7 45. c4 Ke6 46. c5 fxe4+ 47. Kxe4 Nf5 48. c6 Nd6+ 49. Ke3 Nxb5 50. c7 Nxc7 51. Rxc7 Kd6 52. Rg7 Kd5 53. h4 e4 54. Rxg6 Rxb7 55. Rg5+ Ke6 56. Kxe4 Rb4+ 57. Kf3 Kf6 58. Rc5 Kg6 59. h5+ Kh6 60. g4 Rb3+ 61. Kf4 Rb1 62. Rc6+ Kg7 63. h6+ Kh7 64. g5 Rf1+ 65. Ke5 Rg1 66. Kf6 Rf1+ 67. Ke7 Rg1 68. Rc5 Kg6 69. Re5 Rf1 70. Ke6 Rf8 71. Ke7 Rf7+ 72. Ke8 Rf1 73. Kd7 Rf8 74. Re8 Rf1 75. Rg8+ Kh7 76. Rg7+ Kh8 77. g6 Rd1+ 78. Ke8 Ra1 79. Rd7 Ra6 80. Kf7 Ra8 81. g7+ Kh7 82. Re7 Rb8 83. Re8 Rb7+ 84. Ke6 Rb6+ 85. Kd5 Rb5+ 86. Kc4 Rg5 87. Rh8+ 1-0

[Event "SVK-chT4 A21 2122"]
[Site "Slovakia"]
[Date "2022.02.06"]
[Round "8.2"]
[White "Sadlon, Juraj"]
[Black "Wallner, Juraj"]
[Result "1-0"]
[WhiteElo "1857"]
[BlackElo "1556"]
[PlyCount "71"]
[EventDate "2021.10.17"]
[EventType "team-tourn"]
[EventRounds "11"]
[EventCountry "SVK"]
[SourceTitle "EXT 2023"]
[Source "ChessBase"]
[SourceDate "2022.10.05"]
[SourceVersion "1"]
[SourceVersionDate "2022.10.05"]
[SourceQuality "1"]
[WhiteTeam "Brezova pod Bradlom"]
[BlackTeam "Stefanov"]
[WhiteTeamCountry "SVK"]
[BlackTeamCountry "SVK"]

1. e4 c5 2. Nf3 e6 3. c3 d5 4. e5 Nc6 5. Bb5 Bd7 6. d4 Nxe5 7. Nxe5 Bxb5 8. Qf3 Nf6 9. a4 Bc6 10. 0-0 cxd4 11. cxd4 Be7 12. Qg3 g6 13. Bh6 Ne4 14. Qf4 f6 15. Ng4 Bd6 16. Qe3 f5 17. Ne5 Bxe5 18. dxe5 d4 19. Qa3 Qd5 20. f3 Nc5 21. Bg7 Rg8 22. Bf6 Rf8 23. b4 Nd7 24. b5 Nxf6 25. exf6 Rxf6 26. bxc6 bxc6 27. Nd2 e5 28. Rac1 Rc8 29. Rc5 Qd6 30. Nc4 Qc7 31. Rxe5+ Kf7 32. Rfe1 c5 33. Qa2 Kf8 34. Qd2 Qf7 35. Qh6+ Kg8 36. Re7 1-0

[Event "Skalica Schaeffler op"]
[Site "Skalica"]
[Date "2020.08.28"]
[Round "7"]
[White "Novomeska, Karin"]
[Black "Wallner, Juraj"]
[Result "1/2-1/2"]
[WhiteElo "1465"]
[BlackElo "1607"]
[PlyCount "42"]
[EventDate "2020.08.23"]
[EventType "swiss"]
[EventRounds "9"]
[EventCountry "SVK"]
[SourceTitle "CBM 198 Extra"]
[Source "ChessBase"]
[SourceDate "2020.11.30"]
[SourceVersion "1"]
[SourceVersionDate "2020.11.30"]
[SourceQuality "1"]

1. c4 c5 2. Nc3 Nc6 3. g3 b6 4. Bg2 Bb7 5. d3 e6 6. Bf4 d6 7. Qa4 Qd7 8. 0-0-0 0-0-0 9. Nf3 h6 10. h4 Kb8 11. Nb5 a6 12. Nc3 Be7 13. Qb3 Ka7 14. Na4 Qc7 15. Rh2 Nf6 16. Bh3 e5 17. Bd2 d5 18. cxd5 Nd4 19. Nxd4 cxd4+ 20. Kb1 Bxd5 21. Qc2 Bxa2+ 1/2-1/2

[Event "Skalica Schaeffler op"]
[Site "Skalica"]
[Date "2020.08.26"]
[Round "5"]
[White "O'Gorman, Brian"]
[Black "Wallner, Juraj"]
[Result "1-0"]
[WhiteElo "1464"]
[BlackElo "1607"]
[PlyCount "55"]
[EventDate "2020.08.23"]
[EventType "swiss"]
[EventRounds "9"]
[EventCountry "SVK"]
[SourceTitle "CBM 198 Extra"]
[Source "ChessBase"]
[SourceDate "2020.11.30"]
[SourceVersion "1"]
[SourceVersionDate "2020.11.30"]
[SourceQuality "1"]

1. e4 c5 2. Nf3 e6 3. d4 d5 4. exd5 exd5 5. Bb5+ Nc6 6. 0-0 a6 7. Re1+ Be6 8. Be2 Nf6 9. Bg5 h6 10. Bh4 Qb6 11. dxc5 Qxb2 12. Nbd2 0-0-0 13. Nb3 Qa3 14. Nfd4 g5 15. Bg3 Ne4 16. Nxe6 fxe6 17. Bg4 Nxg3 18. hxg3 Bxc5 19. Bxe6+ Kc7 20. Qh5 Rdf8 21. Rf1 Ne7 22. Rad1 Kd6 23. Qe2 Rf6 24. Bg4 Rhf8 25. Nxc5 Qxc5 26. Bf3 Rc8 27. Rfe1 d4 28. Qxe7# 1-0

[Event "SVK-chT5 SE-SI 1920"]
[Site "Slovakia"]
[Date "2019.12.07"]
[Round "4.1"]
[White "Wallner, Juraj"]
[Black "Visvader, Kristof"]
[Result "1-0"]
[WhiteElo "1600"]
[BlackElo "1439"]
[PlyCount "63"]
[EventDate "2019.10.19"]
[EventType "team-tourn"]
[EventRounds "14"]
[EventCountry "SVK"]
[SourceTitle "CBM 194 Extra"]
[Source "ChessBase"]
[SourceDate "2020.03.31"]
[SourceVersion "1"]
[SourceVersionDate "2020.03.31"]
[SourceQuality "1"]
[WhiteTeam "Stefanov II"]
[BlackTeam "Borsky Mikulas"]
[WhiteTeamCountry "SVK"]
[BlackTeamCountry "SVK"]

1. e4 e6 2. Nf3 d5 3. exd5 exd5 4. d4 Nf6 5. c4 Bg4 6. cxd5 Qxd5 7. Be2 Nc6 8. Nc3 Qd7 9. Be3 Bb4 10. 0-0 0-0 11. h3 Bh5 12. Ne5 Bxe2 13. Nxd7 Bxd1 14. Nxf6+ gxf6 15. Raxd1 Rad8 16. Ne4 Be7 17. Ng3 Rd5 18. a3 Rfd8 19. Ne2 Bc5 20. Nc3 Nxd4 21. Nxd5 Rxd5 22. Bxd4 Rxd4 23. Rxd4 Bxd4 24. b3 Kf8 25. Rd1 c5 26. Kf1 Ke7 27. Ke2 b6 28. Rd3 b5 29. Rg3 f5 30. Rd3 Bb2 31. b4 c4 32. Rd5 1-0

[Event "SVK-chT5 SE-SI 1920"]
[Site "Slovakia"]
[Date "2019.11.23"]
[Round "3.1"]
[White "Knapek, Adrian"]
[Black "Wallner, Juraj"]
[Result "0-1"]
[WhiteElo "1442"]
[BlackElo "1602"]
[PlyCount "56"]
[EventDate "2019.10.19"]
[EventType "team-tourn"]
[EventRounds "14"]
[EventCountry "SVK"]
[SourceTitle "CBM 193 Extra"]
[Source "ChessBase"]
[SourceDate "2020.01.31"]
[SourceVersion "1"]
[SourceVersionDate "2020.01.31"]
[SourceQuality "1"]
[WhiteTeam "Myjava Spartak II"]
[BlackTeam "Stefanov II"]
[WhiteTeamCountry "SVK"]
[BlackTeamCountry "SVK"]

1. e4 c5 2. Nf3 e6 3. d3 Be7 4. Nc3 Nf6 5. g3 d5 6. exd5 exd5 7. Bg2 Nc6 8. 0-0 0-0 9. Bf4 Bd6 10. Bxd6 Qxd6 11. Qd2 Be6 12. Ne2 Rad8 13. Nf4 Rfe8 14. Rfe1 h6 15. Nxe6 fxe6 16. d4 cxd4 17. Nxd4 e5 18. Nxc6 bxc6 19. Qa5 Re7 20. Re3 Rb8 21. b3 e4 22. Rd1 d4 23. f3 Rb5 24. Qa4 Rd5 25. fxe4 dxe3 26. exd5 e2 27. Re1 Qc5+ 28. Kh1 Qc3 0-1

[Event "SVK-chT4 A21 1920"]
[Site "Slovakia"]
[Date "2019.10.13"]
[Round "1.3"]
[White "Rehak, Vladimir"]
[Black "Wallner, Juraj"]
[Result "1-0"]
[WhiteElo "1618"]
[BlackElo "1578"]
[PlyCount "41"]
[EventDate "2019.10.13"]
[EventType "team-tourn"]
[EventRounds "11"]
[EventCountry "SVK"]
[SourceTitle "CBM 193 Extra"]
[Source "ChessBase"]
[SourceDate "2020.01.31"]
[SourceVersion "1"]
[SourceVersionDate "2020.01.31"]
[SourceQuality "1"]
[WhiteTeam "Myjava Spartak"]
[BlackTeam "Stefanov"]
[WhiteTeamCountry "SVK"]
[BlackTeamCountry "SVK"]

1. e4 c5 2. Nc3 e6 3. Bc4 Nc6 4. Nf3 a6 5. a4 g6 6. d4 Qb6 7. d5 Nce7 8. a5 Qa7 9. Na4 d6 10. Nb6 Rb8 11. dxe6 fxe6 12. Qxd6 Nf6 13. Ng5 Nc6 14. Qc7 Bd7 15. e5 Nxe5 16. Qxe5 Be7 17. Bxe6 Bxe6 18. Qxe6 Rf8 19. Nc8 Rxc8 20. Qxc8+ Bd8 21. 0-0 1-0

[Event "SVK-chT4 A21 1819"]
[Site "Slovakia"]
[Date "2019.02.03"]
[Round "8.2"]
[White "Blatnicky, Miroslav"]
[Black "Wallner, Juraj"]
[Result "1-0"]
[WhiteElo "2096"]
[BlackElo "1589"]
[PlyCount "107"]
[EventDate "2018.10.14"]
[EventType "team-tourn"]
[EventRounds "11"]
[EventCountry "SVK"]
[SourceTitle "CBM 189 Extra"]
[Source "ChessBase"]
[SourceDate "2019.06.03"]
[SourceVersion "1"]
[SourceVersionDate "2019.06.03"]
[SourceQuality "1"]
[WhiteTeam "Vrbove"]
[BlackTeam "Stefanov"]
[WhiteTeamCountry "SVK"]
[BlackTeamCountry "SVK"]

1. e4 c5 2. Nf3 e6 3. d4 d5 4. exd5 exd5 5. c3 Nf6 6. Bg5 cxd4 7. Qxd4 Be7 8. Bb5+ Nc6 9. Ne5 Bd7 10. Bxc6 bxc6 11. 0-0 0-0 12. Nxd7 Nxd7 13. Bxe7 Qxe7 14. Nd2 Nf6 15. Rfe1 Qd6 16. b4 Rfe8 17. Rad1 Qc7 18. Nb3 Red8 19. f3 h6 20. a4 a6 21. a5 Nd7 22. Nc5 Nxc5 23. Qxc5 Rdc8 24. Re7 Qf4 25. Rde1 Qf6 26. Rb7 Re8 27. Ree7 Rxe7 28. Rxe7 Rd8 29. Re1 d4 30. cxd4 Qxd4+ 31. Qxd4 Rxd4 32. Re8+ Kh7 33. Rb8 Rd1+ 34. Kf2 Rb1 35. Rb6 f6 36. g4 Kg6 37. h4 f5 38. Rxc6+ Kh7 39. Rb6 fxg4 40. fxg4 g6 41. Kf3 Kg7 42. Kf4 Rc1 43. h5 gxh5 44. gxh5 Rh1 45. Kg4 Rc1 46. Kf5 Rf1+ 47. Ke5 Rh1 48. Rg6+ Kh7 49. Rxa6 Rxh5+ 50. Kf6 Rg5 51. Ra7+ Kh8 52. a6 Rg8 53. Rb7 h5 54. a7 1-0

[Event "SVK-chT4 A21 1819"]
[Site "Slovakia"]
[Date "2019.01.06"]
[Round "6.3"]
[White "Wallner, Juraj"]
[Black "Harasta, Marian"]
[Result "1/2-1/2"]
[WhiteElo "1589"]
[BlackElo "1653"]
[PlyCount "56"]
[EventDate "2018.10.14"]
[EventType "team-tourn"]
[EventRounds "11"]
[EventCountry "SVK"]
[SourceTitle "CBM 189 Extra"]
[Source "ChessBase"]
[SourceDate "2019.06.03"]
[SourceVersion "1"]
[SourceVersionDate "2019.06.03"]
[SourceQuality "1"]
[WhiteTeam "Stefanov"]
[BlackTeam "Skalica III"]
[WhiteTeamCountry "SVK"]
[BlackTeamCountry "SVK"]

1. e4 c5 2. Nf3 Nc6 3. d4 cxd4 4. Nxd4 e5 5. Nxc6 dxc6 6. Qxd8+ Kxd8 7. Bc4 f6 8. 0-0 Bg4 9. f3 Bh5 10. Rd1+ Kc7 11. Be3 a6 12. a4 Ne7 13. a5 Nc8 14. Be6 Be8 15. Nc3 Bb4 16. Rd3 b5 17. Ne2 g5 18. c3 Be7 19. Rad1 c5 20. Rd5 Bc6 21. R5d2 h5 22. Ng3 h4 23. Nf5 Bf8 24. Rd8 Rb8 25. R1d7+ Bxd7 26. Rxd7+ Kc6 27. Rd8 Kc7 28. Rd7+ Kc6 1/2-1/2

[Event "SVK-chT5 SE-SI 1819"]
[Site "Slovakia"]
[Date "2018.12.08"]
[Round "4.1"]
[White "Jakubec, Milan"]
[Black "Wallner, Juraj"]
[Result "1-0"]
[WhiteElo "2007"]
[BlackElo "1589"]
[PlyCount "57"]
[EventDate "2018.10.20"]
[EventType "team-tourn"]
[EventRounds "10"]
[EventCountry "SVK"]
[SourceTitle "CBM 189 Extra"]
[Source "ChessBase"]
[SourceDate "2019.06.03"]
[SourceVersion "1"]
[SourceVersionDate "2019.06.03"]
[SourceQuality "1"]
[WhiteTeam "Myjava Spartak"]
[BlackTeam "Stefanov II"]
[WhiteTeamCountry "SVK"]
[BlackTeamCountry "SVK"]

1. e4 c5 2. Nf3 e6 3. d4 d5 4. exd5 exd5 5. dxc5 Bxc5 6. Bb5+ Nc6 7. 0-0 Nf6 8. Ne5 Bd7 9. Nxd7 Qxd7 10. Re1+ Be7 11. Nd2 0-0 12. Nf3 a6 13. Ne5 Qc7 14. Nxc6 bxc6 15. Bd3 Bd6 16. g3 c5 17. c3 c4 18. Bc2 Rfe8 19. Rxe8+ Rxe8 20. Bg5 Nd7 21. Qxd5 h6 22. Be3 Nf6 23. Qd2 Rd8 24. Rd1 Be7 25. Qe2 Nd5 26. Bc1 Bf6 27. Qe4 Qe5 28. Qxe5 Bxe5 29. Be4 1-0

[Event "SVK-chT4 A21 1718"]
[Site "Slovakia"]
[Date "2018.02.11"]
[Round "9.4"]
[White "Wallner, Juraj"]
[Black "Stehlik, Jan1111"]
[Result "1/2-1/2"]
[WhiteElo "1590"]
[BlackElo "1593"]
[PlyCount "112"]
[EventDate "2017.10.01"]
[EventType "team-tourn"]
[EventRounds "11"]
[EventCountry "SVK"]
[SourceTitle "EXT 2020"]
[Source "ChessBase"]
[SourceDate "2019.10.17"]
[SourceVersion "1"]
[SourceVersionDate "2019.10.17"]
[SourceQuality "1"]
[WhiteTeam "Stefanov"]
[BlackTeam "Holic II"]
[WhiteTeamCountry "SVK"]
[BlackTeamCountry "SVK"]

1. e4 e6 2. Nf3 d5 3. exd5 exd5 4. d4 Nf6 5. c4 c6 6. Nc3 Bg4 7. cxd5 Nxd5 8. Be2 Bb4 9. Bd2 Qa5 10. Qb3 Bxc3 11. bxc3 Qc7 12. 0-0 0-0 13. h3 Bh5 14. c4 Nf6 15. Rac1 Nbd7 16. g3 Rfe8 17. Bf4 Qb6 18. Qd1 Qb2 19. Rc2 Qa3 20. Ne5 Nxe5 21. Bxh5 Ng6 22. Bc1 Qa5 23. Bf3 Rad8 24. Bd2 Qf5 25. g4 Qd7 26. Be3 h6 27. Rd2 Ne4 28. Bxe4 Rxe4 29. Qf3 Re7 30. d5 cxd5 31. Rxd5 Qc7 32. Rxd8+ Qxd8 33. Bxa7 Qa5 34. Be3 Qxa2 35. Qd5 Qa8 36. Rb1 Qc8 37. Rd1 Ne5 38. c5 Rd7 39. Qb3 Rxd1+ 40. Qxd1 Qc6 41. Kh2 Nd7 42. Qd4 Nf6 43. Qe5 Nd5 44. Bd4 Qc7 45. Qxc7 Nxc7 46. Kg3 Ne6 47. Be3 Kf8 48. Kf3 Ke8 49. Ke4 Kd7 50. Kd5 Nc7+ 51. Kc4 Kc6 52. f4 g6 53. h4 h5 54. gxh5 gxh5 55. f5 Ne8 56. Bd4 Nc7 1/2-1/2

[Event "SVK-chT4 A21 1718"]
[Site "Slovakia"]
[Date "2018.01.14"]
[Round "7.4"]
[White "Harasta, Marian"]
[Black "Wallner, Juraj"]
[Result "1-0"]
[WhiteElo "1674"]
[BlackElo "1570"]
[PlyCount "69"]
[EventDate "2017.10.01"]
[EventType "team-tourn"]
[EventRounds "11"]
[EventCountry "SVK"]
[SourceTitle "EXT 2019"]
[Source "ChessBase"]
[SourceDate "2018.10.10"]
[SourceVersion "1"]
[SourceVersionDate "2018.10.10"]
[SourceQuality "1"]
[WhiteTeam "Skalica II"]
[BlackTeam "Stefanov"]
[WhiteTeamCountry "SVK"]
[BlackTeamCountry "SVK"]

1. d4 d5 2. c4 e6 3. Qc2 Nf6 4. Bg5 Be7 5. Nf3 Nbd7 6. c5 Ne4 7. Bf4 c6 8. Nc3 Nxc3 9. Qxc3 Nf6 10. e3 Ne4 11. Qc2 Qa5+ 12. Nd2 Bd7 13. Bd3 Nxd2 14. Qxd2 Qxd2+ 15. Kxd2 b6 16. b4 b5 17. a4 a6 18. axb5 cxb5 19. Rhc1 Bc6 20. Rc3 Kd7 21. Rca3 Bb7 22. Be5 f6 23. Bg3 h5 24. h4 Rhf8 25. Bg6 Rh8 26. f3 Rh6 27. Bd3 Rhh8 28. e4 g5 29. exd5 exd5 30. Bf5+ Kc6 31. Re1 Bd8 32. Re6+ Kd7 33. Rexa6+ Ke7 34. Rxa8 Bxa8 35. Rxa8 1-0

[Event "SVK-chT4 A21 1718"]
[Site "Slovakia"]
[Date "2017.12.10"]
[Round "6.4"]
[White "Wallner, Juraj"]
[Black "Lajda, Dusan"]
[Result "1/2-1/2"]
[WhiteElo "1570"]
[BlackElo "1786"]
[PlyCount "82"]
[EventDate "2017.10.01"]
[EventType "team-tourn"]
[EventRounds "11"]
[EventCountry "SVK"]
[SourceTitle "EXT 2019"]
[Source "ChessBase"]
[SourceDate "2018.10.10"]
[SourceVersion "1"]
[SourceVersionDate "2018.10.10"]
[SourceQuality "1"]
[WhiteTeam "Stefanov"]
[BlackTeam "Vrbove II"]
[WhiteTeamCountry "SVK"]
[BlackTeamCountry "SVK"]

1. e4 c5 2. Nf3 d6 3. d4 cxd4 4. Nxd4 Nc6 5. Be3 Nf6 6. Nc3 g6 7. Qd2 Bg7 8. h3 Bd7 9. Be2 0-0 10. g4 a6 11. g5 Ne8 12. h4 b5 13. h5 Nc7 14. f4 e6 15. Bf3 Nxd4 16. Bxd4 e5 17. Bb6 Bc6 18. hxg6 fxg6 19. Qh2 Rxf4 20. Qxh7+ Kf7 21. Ke2 Qe7 22. Qh2 b4 23. Nd1 Bxe4 24. Bxe4 Rxe4+ 25. Be3 Rh8 26. Qg2 Reh4 27. Rxh4 Rxh4 28. Qf2+ Rf4 29. Bxf4 exf4+ 30. Kf1 Qxg5 31. c3 Nd5 32. Qa7+ Kg8 33. Qxa6 f3 34. Qc8+ Bf8 35. Qe6+ Kg7 36. Qh3 Qf6 37. Kf2 bxc3 38. bxc3 Nxc3 39. Nxc3 Qxc3 40. Qd7+ Kg8 41. Qe6+ Kg7 1/2-1/2

[Event "SVK-chT5 1718"]
[Site "Slovakia"]
[Date "2017.11.18"]
[Round "3"]
[White "Ocko, Martin"]
[Black "Wallner, Juraj"]
[Result "1-0"]
[WhiteElo "2007"]
[BlackElo "1572"]
[PlyCount "59"]
[EventDate "2017.10.21"]
[EventType "team-tourn"]
[EventRounds "9"]
[EventCountry "SVK"]
[SourceTitle "EXT 2019"]
[Source "ChessBase"]
[SourceDate "2018.10.10"]
[SourceVersion "1"]
[SourceVersionDate "2018.10.10"]
[SourceQuality "1"]
[WhiteTeam "Senica III"]
[BlackTeam "Stefanov II"]
[WhiteTeamCountry "SVK"]
[BlackTeamCountry "SVK"]

1. d4 d5 2. Nf3 e6 3. g3 c5 4. e3 Nf6 5. Bg2 Nc6 6. 0-0 Be7 7. b3 cxd4 8. exd4 Qc7 9. Bb2 Ne4 10. Ne5 Nxe5 11. dxe5 f5 12. exf6 Nxf6 13. Nd2 0-0 14. c4 dxc4 15. Nxc4 Bd7 16. Qe2 Rae8 17. Rac1 Bc5 18. Be5 Qd8 19. Bxb7 Nd5 20. Rcd1 Bb5 21. Qe4 Bxc4 22. bxc4 Bxf2+ 23. Rxf2 Rxf2 24. Kxf2 Qb6+ 25. Bd4 Qxb7 26. cxd5 Rf8+ 27. Kg2 exd5 28. Qe6+ Kh8 29. Rf1 Rc8 30. Rf7 1-0

[Event "SVK-chT4 A21 1718"]
[Site "Slovakia"]
[Date "2017.11.12"]
[Round "4.4"]
[White "Wallner, Juraj"]
[Black "Siska, Kristof"]
[Result "0-1"]
[WhiteElo "1590"]
[BlackElo "1671"]
[PlyCount "96"]
[EventDate "2017.10.01"]
[EventType "team-tourn"]
[EventRounds "11"]
[EventCountry "SVK"]
[SourceTitle "EXT 2019"]
[Source "ChessBase"]
[SourceDate "2018.10.10"]
[SourceVersion "1"]
[SourceVersionDate "2018.10.10"]
[SourceQuality "1"]
[WhiteTeam "Stefanov"]
[BlackTeam "Piestany Kupele II"]
[WhiteTeamCountry "SVK"]
[BlackTeamCountry "SVK"]

1. e4 c5 2. Nf3 d6 3. d4 cxd4 4. Nxd4 Nf6 5. Nc3 a6 6. Be2 e6 7. Be3 Nbd7 8. Qd2 Be7 9. 0-0-0 0-0 10. g4 Qc7 11. g5 Ne8 12. h4 b5 13. h5 b4 14. Nb1 Ne5 15. b3 Bb7 16. f4 Bxe4 17. fxe5 dxe5 18. Bf3 exd4 19. Bxe4 dxe3 20. Qxe3 Rc8 21. Nd2 Nd6 22. Bd3 Qc3 23. Ne4 Nxe4 24. Qxe4 Bxg5+ 25. Kb1 g6 26. hxg6 hxg6 27. Rhg1 Rc5 28. Rdf1 Re5 29. Qf3 Bf6 30. Qxf6 Re1+ 31. Rxe1 Qxf6 32. Ref1 Qe7 33. Bxa6 Ra8 34. Bb5 Qa7 35. Ba4 Qb6 36. Rg4 e5 37. Kb2 Rd8 38. Rc4 f5 39. Rc6 Qd4+ 40. Kb1 Rd6 41. Rc4 Qd2 42. Rc8+ Kg7 43. Rh1 Qe2 44. Kc1 e4 45. Rch8 Qd2+ 46. Kb1 e3 47. Bb5 e2 48. Re8 Qd1+ 0-1

[Event "SVK-chT4 A21 1718"]
[Site "Slovakia"]
[Date "2017.10.15"]
[Round "2.4"]
[White "Wallner, Juraj"]
[Black "Kastler, Peter"]
[Result "1-0"]
[WhiteElo "1590"]
[BlackElo "1731"]
[PlyCount "55"]
[EventDate "2017.10.01"]
[EventType "team-tourn"]
[EventRounds "11"]
[EventCountry "SVK"]
[SourceTitle "EXT 2019"]
[Source "ChessBase"]
[SourceDate "2018.10.10"]
[SourceVersion "1"]
[SourceVersionDate "2018.10.10"]
[SourceQuality "1"]
[WhiteTeam "Stefanov"]
[BlackTeam "Gbely Nafta III"]
[WhiteTeamCountry "SVK"]
[BlackTeamCountry "SVK"]

1. e4 e6 2. Nf3 d5 3. exd5 exd5 4. d4 Nf6 5. Be2 Bd6 6. Nc3 c6 7. Bg5 Bg4 8. h3 Bh5 9. Ne5 Bxe2 10. Qxe2 0-0 11. 0-0-0 Re8 12. f4 Nbd7 13. Qf3 Qc7 14. Bxf6 Nxf6 15. g4 Bb4 16. g5 Nd7 17. Ne2 Re6 18. Ng3 g6 19. c3 Bd6 20. h4 f6 21. gxf6 Rxf6 22. Qg4 Rd8 23. Nh5 Rf5 24. Nxg6 Rf7 25. Ne5+ Kf8 26. Nxf7 Nf6 27. Qg7+ Ke8 28. Nxf6+ 1-0

[Event "SVK-chT4 A21 1617"]
[Site "Slovakia"]
[Date "2017.01.29"]
[Round "8.3"]
[White "Wallner, Juraj"]
[Black "Drozd, Jan"]
[Result "1/2-1/2"]
[WhiteElo "1536"]
[BlackElo "1562"]
[PlyCount "58"]
[EventDate "2016.10.09"]
[EventType "team-tourn"]
[EventRounds "11"]
[EventCountry "SVK"]
[SourceTitle "EXT 2018"]
[Source "ChessBase"]
[SourceDate "2017.10.13"]
[SourceVersion "1"]
[SourceVersionDate "2017.10.13"]
[SourceQuality "1"]
[WhiteTeam "Stefanov"]
[BlackTeam "Senica CVC II"]
[WhiteTeamCountry "SVK"]
[BlackTeamCountry "SVK"]

1. e4 c5 2. Nf3 Nc6 3. d4 cxd4 4. Nxd4 e5 5. Nf3 Nf6 6. Nc3 Bb4 7. Bd3 0-0 8. Bd2 a6 9. a3 Be7 10. 0-0 d6 11. h3 b5 12. b4 Be6 13. Ne2 d5 14. Ng3 Rc8 15. c3 dxe4 16. Bxe4 Nxe4 17. Nxe4 f5 18. Ng3 e4 19. Ne1 Bc4 20. Ne2 Qd7 21. Rb1 Rcd8 22. Rb2 Bf6 23. g3 Bxc3 24. Nxc3 Bxf1 25. Kxf1 Nd4 26. Be3 Ne6 27. Qxd7 Rxd7 28. Rd2 Rxd2 29. Bxd2 Rd8 1/2-1/2